| 000 | 00807nam a2200205Ia 4500 | ||
|---|---|---|---|
| 003 | GCL | ||
| 008 | 140319s9999 xx 000 0 ara d | ||
| 020 | _a0602101977 | ||
| 040 |
_aGCL / _cGCL |
||
| 082 | 0 | 4 |
_aق _b962.02 _bع ح |
| 100 | 1 | _aعزت حسن افندى الدراندلى | |
| 245 | 1 | 0 |
_aالحملة الفرنسية على مصر فى ضوء مخطوط عثمانى / _cعزت حسن افندى الدراندلى |
| 260 |
_aالقاهرة : _bالهيئة المصرية العامة للكتاب ، _c1999 |
||
| 300 |
_a518 ص ؛ _c16 سم |
||
| 490 |
_aتاريخ المصريين _v134 |
||
| 650 | 0 | 4 | _aمصر - تاريخ - الحملة الفرنسية (1798-1801م) |
| 650 | 0 | 4 | _aالحملة الفرنسية |
| 650 | 0 | 4 | _aالمخطوطات العثمانية |
| 942 |
_2ddc _cBK |
||
| 999 |
_c51188 _d51188 |
||